Killing the systems softly /

Gespeichert in:
Bibliographische Detailangaben
1. Verfasser: Daschner, Katrina
Format: Buch
Sprache:Englisch
Veröffentlicht: Salzburg : Fotohof, 2004
Tags: Tag hinzufügen
Keine Tags, Fügen Sie das erste Tag hinzu!

MARC

LEADER 00000nam a22000007i 4500
001 IT\ICCU\UBO\3913690
003 ItRI
005 20260115231842.0
008 120206s2004 au |||||| ||||| |||||c
020 |a 3901756485 
040 |b ita  |c importazione bologna sebina 
041 7 |a eng  |2 ISO-639-2 
100 1 |a Daschner, Katrina  |0 IT\ICCU\UBOV\333288 
245 1 0 |a Killing the systems softly /  |c Katrina Daschner. 
260 |a Salzburg :  |b Fotohof,  |c 2004 
300 |a 1 volume (senza paginazione) :  |b in gran parte ill. ;  |c 17 cm 
942 |2 ddc  |c BK  |n 0 
952 |0 0  |1 0  |4 0  |6 L_779_092000000000000_DAS  |7 0  |9 14290  |a BO  |b BO  |d 2026-01-15  |i 15540  |l 0  |o L 779.092 DAS  |p BO15540  |r 2026-01-15 23:18:42  |w 2026-01-15  |x [Sebina 5] [1 v.]  |y BK  |z 1 v. 
999 |c 12328  |d 12328